[Event "British Rapidplay"]
[Site "Peterborough"]
[Date "2025.03.01"]
[Round "1.1"]
[White "Maroroa Jones, Gawain C B"]
[Black "Patel, Keatan"]
[Result "1-0"]
[WhiteElo "2654"]
[BlackElo "1985"]
[PlyCount "65"]
[EventDate "2025.03.01"]
[EventType "swiss (rapid)"]
[EventRounds "11"]
[EventCountry "ENG"]
[SourceTitle "BritBase"]
[Source "John Saunders"]
[SourceDate "2025.03.03"]
[SourceVersion "1"]
[SourceVersionDate "2025.03.03"]
[SourceQuality "2"]

1. Nf3 Nf6 2. g3 d5 3. Bg2 e6 4. O-O Be7 5. c4 O-O 6. b3 d4 7. e3 dxe3 8. fxe3 c5 9. Bb2 Nc6 10. d4 Ng4 11. Qe2 Bf6 12. Rd1 Qc7 13. Nc3 a6 14. Ne4 Be7 15. d5 f5 16. d6 Qb6 17. dxe7 Nxe7 18. Nd6 Bd7 19. h3 Nf6 20. Ne5 Bc6 21. Nxc6 Nxc6 22. Qf3 Rad8 23. Nxb7 Rxd1+ 24. Rxd1 Ne4 25. Nd6 Nd4 26. exd4 Qxd6 27. dxc5 Qxc5+ 28. Kh2 Qc7 29. Qf4 Qc5 30. Rd7 Nf6 31. Qg5 Rf7 32. Rd8+ Rf8 33. Bxf6 1-0

[Event "British Rapidplay"]
[Site "Peterborough"]
[Date "2025.03.01"]
[Round "1.2"]
[White "Brocklehurst, Andrew"]
[Black "Ghasi, Ameet K"]
[Result "0-1"]
[WhiteElo "1856"]
[BlackElo "2505"]
[PlyCount "80"]
[EventDate "2025.03.01"]
[EventType "swiss (rapid)"]
[EventRounds "11"]
[EventCountry "ENG"]
[SourceTitle "BritBase"]
[Source "John Saunders"]
[SourceDate "2025.03.03"]
[SourceVersion "1"]
[SourceVersionDate "2025.03.03"]
[SourceQuality "2"]

1. e4 d6 2. d4 Nf6 3. Nc3 g6 4. Be2 Bg7 5. Be3 Nc6 6. d5 Ne5 7. h3 c6 8. Nf3 Nxf3+ 9. Bxf3 Nd7 10. O-O O-O 11. Qd2 Re8 12. Be2 a6 13. a4 Qa5 14. Bd4 Nf6 15. Rfd1 Bd7 16. b4 Qc7 17. Qe3 Rac8 18. Bb6 Qb8 19. Rab1 cxd5 20. exd5 Rxc3 21. Qxc3 Nxd5 22. Qxg7+ Kxg7 23. Rxd5 Bxa4 24. c4 Bc6 25. Rd2 Qc8 26. Rc1 Kg8 27. b5 Bxb5 28. Rdc2 Bc6 29. Rd2 Qf5 30. Be3 a5 31. Bg4 Qe4 32. Bf3 Qh4 33. Rd4 Qf6 34. Be2 a4 35. c5 d5 36. Rf4 Qb2 37. Re1 e5 38. Rf6 a3 39. Bc1 Qc3 40. Kf1 a2 0-1

[Event "British Rapidplay"]
[Site "Peterborough"]
[Date "2025.03.01"]
[Round "1.3"]
[White "Vitiugov, Nikita"]
[Black "Rughani, Mahin"]
[Result "1-0"]
[WhiteElo "2668"]
[BlackElo "1907"]
[PlyCount "83"]
[EventDate "2025.03.01"]
[EventType "swiss (rapid)"]
[EventRounds "11"]
[EventCountry "ENG"]
[SourceTitle "BritBase"]
[Source "John Saunders"]
[SourceDate "2025.03.03"]
[SourceVersion "1"]
[SourceVersionDate "2025.03.03"]
[SourceQuality "2"]

1. c4 c6 2. Nf3 d5 3. e3 Nf6 4. Qc2 e6 5. b3 Nbd7 6. Bb2 Bd6 7. d4 b6 8. Bd3 Bb7 9. Nbd2 Rc8 10. Rc1 O-O 11. Qb1 c5 12. cxd5 exd5 13. O-O Re8 14. Bf5 Ne4 15. dxc5 bxc5 16. Nxe4 dxe4 17. Nd2 Be5 18. Nc4 Bxb2 19. Qxb2 Rc7 20. Nd6 Re7 21. Nxb7 Rxb7 22. Rc4 Rb6 23. Rxe4 Rxe4 24. Bxe4 Qh4 25. Bf5 Rh6 26. h3 Nf6 27. Rd1 g5 28. Qe5 Kg7 29. Bg4 Rg6 30. g3 Qh6 31. Rd8 a6 32. Kg2 a5 33. a4 c4 34. bxc4 Qxh3+ 35. Kxh3 h5 36. Bf5 g4+ 37. Kh4 Rh6 38. Kg5 h4 39. Rg8+ Kxg8 40. Kxh6 hxg3 41. Qb8+ Ne8 42. Qxe8# 1-0

[Event "British Rapidplay"]
[Site "Peterborough"]
[Date "2025.03.01"]
[Round "1.5"]
[White "Han, Yichen"]
[Black "Mylovanov, Volodymyr"]
[Result "1-0"]
[WhiteElo "2430"]
[BlackElo "1821"]
[PlyCount "93"]
[EventDate "2025.03.01"]
[EventType "swiss (rapid)"]
[EventRounds "11"]
[EventCountry "ENG"]
[SourceTitle "BritBase"]
[Source "John Saunders"]
[SourceDate "2025.03.03"]
[SourceVersion "1"]
[SourceVersionDate "2025.03.03"]
[SourceQuality "2"]

1. Nf3 d5 2. g3 Nf6 3. Bg2 c5 4. O-O Nc6 5. d3 e5 6. e4 d4 7. Na3 Bd6 8. Nc4 Bg4 9. h3 Be6 10. b3 h6 11. Nh4 b5 12. Nxd6+ Qxd6 13. f4 Rc8 14. Kh2 g5 15. fxg5 hxg5 16. Bxg5 Nh7 17. Bd2 Kd7 18. a4 b4 19. Nf5 Bxf5 20. Rxf5 f6 21. Qg4 Rcg8 22. Rg5+ Qe6 23. Rxg8 Rxg8 24. Qxe6+ Kxe6 25. h4 a5 26. Bh3+ Ke7 27. Rf1 Nd8 28. Bf5 Nf8 29. g4 Nf7 30. Kg3 Nd6 31. g5 Nd7 32. Bxd7 fxg5 33. Bg4 gxh4+ 34. Kxh4 Rh8+ 35. Bh5 Rg8 36. Bg5+ Kd7 37. Rf6 Rh8 38. Kg4 Rg8 39. Rg6 Rf8 40. Bf6 Nf7 41. Rg7 Ke6 42. Rxf7 Rxf7 43. Bxf7+ Kxf6 44. Bh5 Ke6 45. Kg5 Ke7 46. Kf5 Kd6 47. Kf6 1-0

[Event "British Rapidplay"]
[Site "Peterborough"]
[Date "2025.03.01"]
[Round "1.6"]
[White "Sanitt, Ethan"]
[Black "Czopor, Maciej"]
[Result "1/2-1/2"]
[WhiteElo "2102"]
[BlackElo "2412"]
[PlyCount "62"]
[EventDate "2025.03.01"]
[EventType "swiss (rapid)"]
[EventRounds "11"]
[EventCountry "ENG"]
[SourceTitle "BritBase"]
[Source "John Saunders"]
[SourceDate "2025.03.03"]
[SourceVersion "1"]
[SourceVersionDate "2025.03.03"]
[SourceQuality "2"]

1. c4 e6 2. g3 d5 3. Bg2 Nf6 4. Nf3 d4 5. O-O c5 6. b4 cxb4 7. a3 b3 8. d3 Nc6 9. Nbd2 Be7 10. Nxb3 O-O 11. Bb2 e5 12. e3 dxe3 13. fxe3 e4 14. dxe4 Be6 15. Qc2 Rc8 16. Ng5 Qb6 17. Kh1 Bxc4 18. Qxc4 Na5 19. Nxa5 Qxa5 20. Qb3 Qxg5 21. Rf5 Qg6 22. Raf1 Rc7 23. e5 Ng4 24. Rxf7 Rxf7 25. Rxf7 Kh8 26. Qd5 h5 27. e6 Qb1+ 28. Rf1 Qxb2 29. Qxh5+ Nh6 30. Qe8+ Ng8 31. Qh5+ Nh6 1/2-1/2

[Event "British Rapidplay"]
[Site "Peterborough"]
[Date "2025.03.01"]
[Round "1.7"]
[White "Roberson, Peter T"]
[Black "Ward, Andrew"]
[Result "1-0"]
[WhiteElo "2434"]
[BlackElo "1894"]
[PlyCount "73"]
[EventDate "2025.03.01"]
[EventType "swiss (rapid)"]
[EventRounds "11"]
[EventCountry "ENG"]
[SourceTitle "BritBase"]
[Source "John Saunders"]
[SourceDate "2025.03.03"]
[SourceVersion "1"]
[SourceVersionDate "2025.03.03"]
[SourceQuality "2"]

1. e4 e5 2. Nf3 Nc6 3. Bb5 a6 4. Ba4 Nf6 5. O-O b5 6. Bb3 Bc5 7. a4 Rb8 8. d3 d6 9. Be3 Bb6 10. axb5 axb5 11. Nc3 O-O 12. h3 h6 13. Qd2 Bxe3 14. fxe3 Be6 15. Nd5 Bxd5 16. exd5 Ne7 17. e4 Ng6 18. Ra7 Ra8 19. Rfa1 Rxa7 20. Rxa7 Qd7 21. Qa5 Ne8 22. Rb7 Nf4 23. Kh2 f5 24. Qxb5 Qxb5 25. Rxb5 fxe4 26. dxe4 Nxh3 27. Kxh3 Rf4 28. c3 Rxe4 29. Bc2 Rf4 30. Bg6 Rf8 31. Nd2 Nf6 32. Ne4 Nxe4 33. Bxe4 Rf4 34. Bg6 Kf8 35. Rb7 Rc4 36. Bd3 Rc5 37. c4 1-0

[Event "British Rapidplay"]
[Site "Peterborough"]
[Date "2025.03.01"]
[Round "1.8"]
[White "Liu, Jacob"]
[Black "Slaby, Jerzy"]
[Result "0-1"]
[WhiteElo "1779"]
[BlackElo "2464"]
[PlyCount "105"]
[EventDate "2025.03.01"]
[EventType "swiss (rapid)"]
[EventRounds "11"]
[EventCountry "ENG"]
[SourceTitle "BritBase"]
[Source "John Saunders"]
[SourceDate "2025.03.03"]
[SourceVersion "1"]
[SourceVersionDate "2025.03.03"]
[SourceQuality "2"]

1. e4 c6 2. d4 d5 3. Nc3 a6 4. Bf4 b5 5. a3 e6 6. Nf3 Nf6 7. Bg5 Be7 8. e5 Nfd7 9. Bxe7 Qxe7 10. Bd3 c5 11. dxc5 Nc6 12. Qe2 Qxc5 13. O-O-O b4 14. axb4 Nxb4 15. Ng5 Rb8 16. f4 Qa5 17. Kb1 Nc5 18. Bxh7 Na4 19. Nxa4 Qxa4 20. b3 Qa2+ 21. Kc1 Qa1+ 22. Kd2 Qd4+ 23. Ke1 Qxf4 24. h4 Bd7 25. c4 Bc6 26. Rh3 d4 27. g3 Qe3 28. Qxe3 dxe3 29. Be4 Ke7 30. Bxc6 Nxc6 31. Ke2 Nxe5 32. Kxe3 Rxb3+ 33. Kf2 Rc8 34. Rhh1 Ng4+ 35. Ke2 Rxc4 36. Rhf1 f6 37. Nf3 Re4+ 38. Kd2 Ne3 39. Rfe1 Nxd1 40. Rxe4 Rxf3 41. Kxd1 Rxg3 42. Ra4 Rh3 43. Ke2 Kf7 44. Kf2 e5 45. Kg2 Rd3 46. Rxa6 Kg6 47. Ra7 Kh6 48. h5 Rd4 49. Kg3 Rf4 50. Rf7 Rf5 51. Rf8 Rg5+ 52. Kf3 Kxh5 53. Ke4 0-1

[Event "British Rapidplay"]
[Site "Peterborough"]
[Date "2025.03.01"]
[Round "1.9"]
[White "Kovchan, Alexander"]
[Black "Cheng, Louis"]
[Result "1-0"]
[WhiteElo "2433"]
[BlackElo "2015"]
[PlyCount "139"]
[EventDate "2025.03.01"]
[EventType "swiss (rapid)"]
[EventRounds "11"]
[EventCountry "ENG"]
[SourceTitle "BritBase"]
[Source "John Saunders"]
[SourceDate "2025.03.03"]
[SourceVersion "1"]
[SourceVersionDate "2025.03.03"]
[SourceQuality "2"]

1. e4 c5 2. Nf3 g6 3. d4 cxd4 4. Nxd4 Nc6 5. c4 Nf6 6. Nc3 Nxd4 7. Qxd4 d6 8. Be3 Bg7 9. f3 O-O 10. Qd2 Be6 11. Rc1 Qa5 12. b3 Rfc8 13. Bd3 a6 14. Na4 Qxd2+ 15. Kxd2 Nd7 16. Rhd1 Rab8 17. Nc3 h5 18. Nd5 Bxd5 19. cxd5 Bb2 20. Rc2 Rxc2+ 21. Bxc2 Rc8 22. f4 Bc3+ 23. Kd3 Bb4 24. Bb1 Ba3 25. Ke2 b5 26. Bd4 e5 27. dxe6 fxe6 28. Be3 Kf7 29. h3 e5 30. g3 Ke7 31. Rf1 Bc5 32. Bd2 Bd4 33. f5 gxf5 34. Rxf5 Rg8 35. Bg5+ Ke8 36. Bh4 Rh8 37. Bc2 Bb6 38. b4 Rf8 39. Rxf8+ Nxf8 40. Bb3 a5 41. bxa5 Bxa5 42. Bg5 Bc3 43. h4 Nh7 44. Be3 Nf6 45. Kf3 Ng4 46. Bg5 Bd4 47. Be6 Nh2+ 48. Ke2 Ng4 49. Bc8 Kf7 50. Ba6 b4 51. Bc4+ Kg7 52. Be6 Bc5 53. Bd7 Kf7 54. Bc6 Bf2 55. Kf3 Bc5 56. Bd2 Nh2+ 57. Ke2 Ng4 58. Be1 Bd4 59. Bxb4 Ke7 60. Bd2 Bf2 61. Bg5+ Kf7 62. Kf3 Bc5 63. a4 Nh2+ 64. Ke2 Ng4 65. a5 Kf8 66. a6 Ba7 67. Bd7 Nh2 68. Be3 Ke7 69. Bxa7 Kxd7 70. Bg1 1-0

[Event "British Rapidplay"]
[Site "Peterborough"]
[Date "2025.03.01"]
[Round "1.11"]
[White "Badacsonyi, Stanley"]
[Black "Mehrafarin, Amirabbas"]
[Result "1-0"]
[WhiteElo "2334"]
[BlackElo "1814"]
[PlyCount "96"]
[EventDate "2025.03.01"]
[EventType "swiss (rapid)"]
[EventRounds "11"]
[EventCountry "ENG"]
[SourceTitle "BritBase"]
[Source "John Saunders"]
[SourceDate "2025.03.03"]
[SourceVersion "1"]
[SourceVersionDate "2025.03.03"]
[SourceQuality "2"]

1. d4 Nf6 2. c4 g6 3. Nc3 Bg7 4. e4 d6 5. Be2 a5 6. Be3 Nbd7 7. h3 e5 8. d5 b6 9. Nf3 Nc5 10. Nd2 Bd7 11. b3 O-O 12. a3 Ne8 13. b4 Nb7 14. g4 f5 15. gxf5 axb4 16. axb4 Rxa1 17. Qxa1 gxf5 18. exf5 Bxf5 19. Nde4 Qd7 20. h4 Bg4 21. Qd1 Bf5 22. Rg1 Kh8 23. Bg4 Nf6 24. Bxf5 Qxf5 25. Ng3 Qg4 26. Qxg4 Nxg4 27. Nh5 Nxe3 28. Rxg7 Nc2+ 29. Ke2 Nd4+ 30. Kf1 Rf5 31. Rxc7 Rxh5 32. Rxb7 Rxh4 33. Rxb6 Rh1+ 34. Kg2 Rc1 35. Ne4 Rxc4 36. Nxd6 Rc2 37. Nf7+ Kg7 38. Nxe5 Nf5 39. Kf3 h5 40. d6 Nd4+ 41. Ke4 Ne6 42. d7 Re2+ 43. Kf5 Nd8 44. f4 h4 45. Kg4 Re4 46. Rb8 Ne6 47. Kf5 Rxf4+ 48. Kxe6 Rf6+ 1-0

[Event "British Rapidplay"]
[Site "Peterborough"]
[Date "2025.03.01"]
[Round "1.12"]
[White "Gupta, Leonardo"]
[Black "Martyn, Rafe"]
[Result "1/2-1/2"]
[WhiteElo "1885"]
[BlackElo "2201"]
[PlyCount "60"]
[EventDate "2025.03.01"]
[EventType "swiss (rapid)"]
[EventRounds "11"]
[EventCountry "ENG"]
[SourceTitle "BritBase"]
[Source "John Saunders"]
[SourceDate "2025.03.03"]
[SourceVersion "1"]
[SourceVersionDate "2025.03.03"]
[SourceQuality "2"]

1. e4 c5 2. Nf3 Nc6 3. Bb5 g6 4. O-O Bg7 5. Re1 Nf6 6. c3 O-O 7. d4 d5 8. e5 Ne4 9. Be3 cxd4 10. cxd4 Qb6 11. Bxc6 Qxc6 12. Nfd2 f6 13. Nxe4 dxe4 14. exf6 Qxf6 15. Nc3 Qf5 16. Qc2 Bd7 17. Qxe4 Qxe4 18. Nxe4 Bc6 19. Nc5 Bd5 20. b3 e6 21. Rac1 Rfc8 22. Nd3 a5 23. Nf4 a4 24. Nxd5 exd5 25. bxa4 Rxc1 26. Rxc1 Rxa4 27. Rc8+ Kf7 28. Rc7+ Kg8 29. Rc8+ Kf7 30. Rc7+ Kg8 1/2-1/2

[Event "British Rapidplay"]
[Site "Peterborough"]
[Date "2025.03.01"]
[Round "1.13"]
[White "Bowcott-Terry, Finlay"]
[Black "Nilim, Armaan"]
[Result "1-0"]
[WhiteElo "2202"]
[BlackElo "1848"]
[PlyCount "113"]
[EventDate "2025.03.01"]
[EventType "swiss (rapid)"]
[EventRounds "11"]
[EventCountry "ENG"]
[SourceTitle "BritBase"]
[Source "John Saunders"]
[SourceDate "2025.03.03"]
[SourceVersion "1"]
[SourceVersionDate "2025.03.03"]
[SourceQuality "2"]

1. e4 e5 2. Nf3 Nc6 3. Bc4 Nf6 4. O-O Nxe4 5. Nc3 Nf6 6. Re1 Be7 7. Nxe5 Nxe5 8. Rxe5 O-O 9. d4 d6 10. Re1 Re8 11. Qf3 Rb8 12. h3 a6 13. a4 Bd7 14. Bg5 Bc6 15. Qf5 Bd7 16. Qf4 h6 17. Bxh6 gxh6 18. Qxh6 Bf5 19. Qg5+ Bg6 20. Qxg6+ Kh8 21. Bxf7 Nh7 22. Bxe8 Qxe8 23. Qxe8+ Rxe8 24. Nd5 Kg8 25. Nxe7+ Kf7 26. Nd5 Rg8 27. Re7+ Kg6 28. Rxh7 Kxh7 29. Nf6+ Kh8 30. Nxg8 Kxg8 31. Re1 Kf7 32. f4 a5 33. g4 c6 34. h4 b5 35. d5 cxd5 36. axb5 a4 37. b6 d4 38. b7 d3 39. cxd3 a3 40. bxa3 d5 41. b8=N d4 42. a4 Kg7 43. a5 Kf7 44. a6 Kg7 45. a7 Kh7 46. a8=N Kg7 47. Nc6 Kh7 48. Nxd4 Kg7 49. Nc7 Kh7 50. f5 Kh6 51. Re6+ Kh7 52. g5 Kg7 53. h5 Kg8 54. Nf3 Kh8 55. Re7 Kg8 56. Ne6 Kh8 57. g6 1-0

[Event "British Rapidplay"]
[Site "Peterborough"]
[Date "2025.03.01"]
[Round "1.18"]
[White "Bevis, Noah"]
[Black "Kanyamarala, Tarun"]
[Result "0-1"]
[WhiteElo "1777"]
[BlackElo "2389"]
[PlyCount "54"]
[EventDate "2025.03.01"]
[EventType "swiss (rapid)"]
[EventRounds "11"]
[EventCountry "ENG"]
[SourceTitle "BritBase"]
[Source "John Saunders"]
[SourceDate "2025.03.03"]
[SourceVersion "1"]
[SourceVersionDate "2025.03.03"]
[SourceQuality "2"]

1. d4 f5 2. g3 Nf6 3. Bg2 g6 4. Nf3 Bg7 5. c4 O-O 6. O-O d6 7. Nc3 c6 8. b3 Qc7 9. Bb2 e5 10. dxe5 dxe5 11. e3 e4 12. Nd4 Re8 13. Qe2 Nbd7 14. Rfd1 Ne5 15. Qc2 Qf7 16. Rab1 g5 17. Nce2 Qh5 18. h3 Nf3+ 19. Kh1 f4 20. Ng1 Nxg1 21. Kxg1 f3 22. g4 Bxg4 23. hxg4 Qxg4 24. Kf1 fxg2+ 25. Kg1 Qh3 26. f3 exf3 27. Kf2 Ng4+ 0-1

[Event "British Rapidplay"]
[Site "Peterborough"]
[Date "2025.03.01"]
[Round "1.19"]
[White "Harris, Michael"]
[Black "Pyda, Arjun"]
[Result "1/2-1/2"]
[WhiteElo "2234"]
[BlackElo "1819"]
[PlyCount "145"]
[EventDate "2025.03.01"]
[EventType "swiss (rapid)"]
[EventRounds "11"]
[EventCountry "ENG"]
[SourceTitle "BritBase"]
[Source "John Saunders"]
[SourceDate "2025.03.03"]
[SourceVersion "1"]
[SourceVersionDate "2025.03.03"]
[SourceQuality "2"]

1. d4 Nf6 2. c4 g6 3. Nc3 Bg7 4. e4 d6 5. f4 O-O 6. Nf3 c5 7. d5 e6 8. Be2 exd5 9. e5 dxe5 10. fxe5 Nfd7 11. Bg5 Qa5 12. cxd5 Nxe5 13. O-O Nbd7 14. Be7 Re8 15. d6 Qb4 16. Nd5 Nxf3+ 17. Bxf3 Qd4+ 18. Qxd4 Bxd4+ 19. Kh1 Rf8 20. Bxf8 Kxf8 21. Ne7 Ne5 22. Bd5 Bd7 23. Rae1 f5 24. h3 Bb5 25. Nxf5 Bxf1 26. Nxd4 cxd4 27. Rxf1+ Kg7 28. Re1 Kf6 29. Rd1 Rd8 30. Rxd4 Rxd6 31. Rf4+ Kg5 32. Rd4 Nc6 33. Rg4+ Kf5 34. Be4+ Ke5 35. Bxc6 Rxc6 36. Kh2 Rb6 37. b3 Ra6 38. a4 Rb6 39. b4 Rd6 40. Rh4 h5 41. Rc4 Rd4 42. Rc5+ Ke6 43. Rb5 b6 44. Kg3 Re4 45. a5 bxa5 46. Rxa5 Rxb4 47. Rxa7 Kf5 48. Ra3 Kg5 49. Kf3 Rc4 50. Ra5+ Kf6 51. g3 Rb4 52. Ra3 Rc4 53. Rd3 Rb4 54. Rd6+ Kf5 55. Rd3 Ra4 56. Rd5+ Kf6 57. g4 hxg4+ 58. hxg4 Rb4 59. Ra5 Rc4 60. Kg3 Rc3+ 61. Kh4 g5+ 62. Rxg5 Rh3+ 63. Kxh3 Kxg5 64. Kg3 Kg6 65. Kf4 Kf6 66. g5+ Kg6 67. Kg4 Kg7 68. Kf5 Kf7 69. g6+ Kg7 70. Kg5 Kg8 71. Kf6 Kf8 72. g7+ Kg8 73. Kg6 1/2-1/2

[Event "British Rapidplay"]
[Site "Peterborough"]
[Date "2025.03.01"]
[Round "1.20"]
[White "Balmond, Tom"]
[Black "Siva, Mahadevan"]
[Result "1-0"]
[WhiteElo "1708"]
[BlackElo "2369"]
[PlyCount "92"]
[EventDate "2025.03.01"]
[EventType "swiss (rapid)"]
[EventRounds "11"]
[EventCountry "ENG"]
[SourceTitle "BritBase"]
[Source "John Saunders"]
[SourceDate "2025.03.03"]
[SourceVersion "1"]
[SourceVersionDate "2025.03.03"]
[SourceQuality "2"]

1. e4 Nc6 2. Nc3 d6 3. d4 Nf6 4. Nf3 Bg4 5. Be2 e6 6. Bg5 Be7 7. Qd2 h6 8. Be3 d5 9. e5 Ne4 10. Nxe4 dxe4 11. Ng1 Bf5 12. a3 Qd7 13. O-O-O b5 14. Bxb5 Rb8 15. Ba4 Qd5 16. Qc3 Rb6 17. Ne2 g5 18. Bb3 Qb5 19. d5 Na5 20. Bxb6 axb6 21. d6 Nxb3+ 22. cxb3 cxd6 23. exd6 e5 24. dxe7 Kxe7 25. Qb4+ Qxb4 26. axb4 Be6 27. Nc3 Bxb3 28. Rd2 Ra8 29. Rc2 f5 30. Rd1 Ke6 31. Nb5 Ra1+ 32. Kd2 Ra4 33. Rc6+ Ke7 34. Rdc1 Rxb4 35. Rxb6 Bc4 36. Rb7+ Kf6 37. Nd6 Rxb7 38. Nxb7 Bd5 39. Nc5 f4 40. b4 e3+ 41. fxe3 Bxg2 42. exf4 gxf4 43. b5 e4 44. b6 e3+ 45. Ke2 Ke5 46. b7 Kd5 1-0

[Event "British Rapidplay"]
[Site "Peterborough"]
[Date "2025.03.01"]
[Round "1.21"]
[White "Bradbury, Neil H"]
[Black "Ekram, Itmam"]
[Result "1-0"]
[WhiteElo "2148"]
[BlackElo "1610"]
[PlyCount "77"]
[EventDate "2025.03.01"]
[EventType "swiss (rapid)"]
[EventRounds "11"]
[EventCountry "ENG"]
[SourceTitle "BritBase"]
[Source "John Saunders"]
[SourceDate "2025.03.03"]
[SourceVersion "1"]
[SourceVersionDate "2025.03.03"]
[SourceQuality "2"]

1. d4 d5 2. c4 e6 3. Nf3 Nc6 4. Nc3 Nf6 5. Bg5 Be7 6. e3 h6 7. Bh4 O-O 8. Rc1 a6 9. a3 Re8 10. Bd3 dxc4 11. Bxc4 Nh7 12. Bg3 Bd6 13. O-O Bxg3 14. hxg3 Nf6 15. e4 b5 16. Ba2 Bb7 17. e5 Ne7 18. exf6 gxf6 19. Qd2 Kg7 20. Rfd1 c6 21. Ne4 Nf5 22. g4 Ne7 23. Nc5 Qc7 24. Bxe6 Ng6 25. Bf5 Re7 26. Re1 Rae8 27. Rxe7 Rxe7 28. Re1 Bc8 29. Rxe7 Nxe7 30. Bxc8 Qxc8 31. Qf4 Ng6 32. Qe4 a5 33. g3 a4 34. Nh4 Nxh4 35. gxh4 Qc7 36. Kg2 Qd6 37. Nd3 Qd5 38. Qxd5 cxd5 39. Nb4 1-0

[Event "British Rapidplay"]
[Site "Peterborough"]
[Date "2025.03.01"]
[Round "1.22"]
[White "Sennaroglu, Djan"]
[Black "Larchikov, Maksym"]
[Result "0-1"]
[WhiteElo "1693"]
[BlackElo "2050"]
[PlyCount "92"]
[EventDate "2025.03.01"]
[EventType "swiss (rapid)"]
[EventRounds "11"]
[EventCountry "ENG"]
[SourceTitle "BritBase"]
[Source "John Saunders"]
[SourceDate "2025.03.03"]
[SourceVersion "1"]
[SourceVersionDate "2025.03.03"]
[SourceQuality "2"]

1. e4 c6 2. d4 d5 3. exd5 cxd5 4. Bd3 Nc6 5. c3 Nf6 6. Bf4 Bg4 7. Qb3 Qd7 8. Nd2 e6 9. Ngf3 Bxf3 10. Nxf3 Bd6 11. Bg3 O-O 12. O-O Bxg3 13. hxg3 Qc7 14. Rfe1 Nd7 15. Rad1 Rab8 16. Ng5 Nf6 17. Nf3 Nd7 18. Ng5 h6 19. Nf3 b5 20. a3 Rfc8 21. Kh2 a5 22. Bxb5 Na7 23. a4 Nxb5 24. axb5 Rb7 25. Ne5 Nxe5 26. Rxe5 Rcb8 27. Rd2 Rxb5 28. Qa3 R8b7 29. f4 g6 30. Kh3 h5 31. g4 hxg4+ 32. Kxg4 Qb8 33. Ree2 Qd8 34. Kf3 Qh4 35. Qd6 R7b6 36. Qc7 Qh1 37. Qe5 a4 38. Re1 Qh2 39. Ree2 Rb3 40. g3 Qh1+ 41. Ke3 a3 42. Rh2 Qe1+ 43. Rde2 Qxg3+ 44. Kd2 Rxb2+ 45. Kd1 Rb1+ 46. Kc2 R6b2# 0-1

[Event "British Rapidplay"]
[Site "Peterborough"]
[Date "2025.03.01"]
[Round "1.23"]
[White "Pritchett, Craig William"]
[Black "Parikh, Naavya"]
[Result "1-0"]
[WhiteElo "2177"]
[BlackElo "1741"]
[PlyCount "83"]
[EventDate "2025.03.01"]
[EventType "swiss (rapid)"]
[EventRounds "11"]
[EventCountry "ENG"]
[SourceTitle "BritBase"]
[Source "John Saunders"]
[SourceDate "2025.03.03"]
[SourceVersion "1"]
[SourceVersionDate "2025.03.03"]
[SourceQuality "2"]

1. Nf3 d5 2. e3 Nf6 3. c4 e6 4. b3 Be7 5. Bb2 O-O 6. Be2 b6 7. O-O Bb7 8. Nc3 c5 9. cxd5 Nxd5 10. d4 cxd4 11. Nxd4 Nxc3 12. Bxc3 Nc6 13. Bf3 Rc8 14. Rc1 Bf6 15. Nxc6 Qxd1 16. Rfxd1 Bxc6 17. Bb4 Bxf3 18. Bxf8 Rxc1 19. Rxc1 Kxf8 20. gxf3 Be5 21. f4 Bd6 22. Rc8+ Ke7 23. Ra8 a5 24. Ra7+ Kf6 25. Kg2 h6 26. Kf3 g5 27. fxg5+ hxg5 28. Rb7 Bc5 29. Ke4 Kg7 30. f4 gxf4 31. exf4 Kg6 32. h4 Bf2 33. h5+ Kxh5 34. Rxf7 Kg6 35. Rc7 Kf6 36. a4 Bc5 37. Rc6 Ke7 38. Ke5 Kd7 39. Rxe6 Kc7 40. f5 Bb4 41. f6 Bc3+ 42. Kd5 1-0

[Event "British Rapidplay"]
[Site "Peterborough"]
[Date "2025.03.01"]
[Round "1.24"]
[White "Sahoo, Shivam"]
[Black "Cancedda-Dupuis, Livio"]
[Result "0-1"]
[WhiteElo "1728"]
[BlackElo "2053"]
[PlyCount "64"]
[EventDate "2025.03.01"]
[EventType "swiss (rapid)"]
[EventRounds "11"]
[EventCountry "ENG"]
[SourceTitle "BritBase"]
[Source "John Saunders"]
[SourceDate "2025.03.03"]
[SourceVersion "1"]
[SourceVersionDate "2025.03.03"]
[SourceQuality "2"]

1. d4 Nf6 2. c4 e6 3. Nc3 Bb4 4. e3 d5 5. Nf3 O-O 6. Bd3 dxc4 7. Bxc4 b6 8. O-O Bb7 9. Re1 Nbd7 10. Bd2 Qe7 11. a3 Bxc3 12. Bxc3 Ne4 13. Nd2 Nd6 14. Be2 Rfd8 15. Bf3 Bxf3 16. Nxf3 Ne4 17. Qc2 Nxc3 18. bxc3 c5 19. Rad1 cxd4 20. Nxd4 Rdc8 21. Nb5 Ne5 22. Nd6 Rc5 23. Qe4 Rf8 24. c4 Rd8 25. Nb7 Rxd1 26. Rxd1 f5 27. Qd4 Qxb7 28. Qd8+ Kf7 29. Qg5 Rc7 30. Qf4 Rd7 31. Rc1 Nd3 32. Qg3 Nxc1 0-1

[Event "British Rapidplay"]
[Site "Peterborough"]
[Date "2025.03.01"]
[Round "1.25"]
[White "Vaidyanathan, Adithya"]
[Black "Riddoch, Alan"]
[Result "1-0"]
[WhiteElo "2037"]
[BlackElo "1751"]
[PlyCount "109"]
[EventDate "2025.03.01"]
[EventType "swiss (rapid)"]
[EventRounds "11"]
[EventCountry "ENG"]
[SourceTitle "BritBase"]
[Source "John Saunders"]
[SourceDate "2025.03.03"]
[SourceVersion "1"]
[SourceVersionDate "2025.03.03"]
[SourceQuality "2"]

1. d4 Nf6 2. Nf3 e6 3. c4 c5 4. d5 exd5 5. cxd5 d6 6. Nc3 Be7 7. e4 O-O 8. h3 a6 9. a4 Nbd7 10. Be3 b6 11. Bd3 Bb7 12. O-O Rc8 13. Qe2 h6 14. Bxa6 Bxa6 15. Qxa6 Re8 16. Qd3 Bf8 17. Bf4 c4 18. Qc2 Nc5 19. Nd2 Nd3 20. Bg3 Ne5 21. f4 Ng6 22. Rae1 Rc7 23. Nb5 Rce7 24. Qxc4 Qd7 25. Qd3 Ra8 26. b3 Rae8 27. Nd4 Nh5 28. Nc6 Nxg3 29. Nxe7+ Bxe7 30. Qxg3 Bh4 31. Qf3 Bxe1 32. Rxe1 f6 33. Rc1 Qa7 34. Qf2 Qa5 35. Rc6 Rd8 36. Nc4 Qc3 37. Rxb6 Qc1+ 38. Qf1 Qc3 39. a5 Rc8 40. Rxd6 Qxb3 41. Rc6 Ra8 42. a6 Qa4 43. Nd6 Ne7 44. Rb6 Qd4+ 45. Qf2 Qa1+ 46. Kh2 Rxa6 47. Rb8+ Kh7 48. Nf7 Ra3 49. f5 g5 50. fxg6+ Nxg6 51. Rb7 Qc3 52. Ne5+ Kg8 53. Nxg6 f5 54. Qf4 h5 55. Qb8+ 1-0

[Event "British Rapidplay"]
[Site "Peterborough"]
[Date "2025.03.01"]
[Round "1.26"]
[White "Mehta, Sophie"]
[Black "Tanmay, Chopra"]
[Result "1/2-1/2"]
[WhiteElo "1682"]
[BlackElo "2357"]
[PlyCount "57"]
[EventDate "2025.03.01"]
[EventType "swiss (rapid)"]
[EventRounds "11"]
[EventCountry "ENG"]
[SourceTitle "BritBase"]
[Source "John Saunders"]
[SourceDate "2025.03.03"]
[SourceVersion "1"]
[SourceVersionDate "2025.03.03"]
[SourceQuality "2"]

1. d4 Nf6 2. Bf4 d5 3. e3 c5 4. Nf3 Nc6 5. c3 Qb6 6. Qc1 Bf5 7. Nbd2 cxd4 8. Nxd4 Bd7 9. N2f3 Nh5 10. Bg3 Nxg3 11. hxg3 g6 12. Nd2 Bg7 13. Nxc6 bxc6 14. e4 O-O 15. e5 Bxe5 16. Nc4 dxc4 17. Qh6 Rfd8 18. Qxh7+ Kf8 19. Bxc4 Be8 20. Rb1 Bxc3+ 21. Kf1 Rd2 22. Qh6+ Kg8 23. Qh7+ Kf8 24. Qh6+ Bg7 25. Qxd2 Rd8 26. Qe3 c5 27. b3 e6 28. Ke2 Qa5 29. Rbd1 1/2-1/2